banner koha

Prevalence and geographical distribution of bovine eurytrematosis in cattle slaughtered in northern Paraná, Brazil (Registro n. 179450)

MARC details
000 -LÍDER
campo de controle de tamanho fixo 01089nas a2200361 4500
001 - NÚMERO DE CONTROLE
campo de controle BR0403662
003 - IDENTIFICADOR DO NÚMERO DE CONTROLE
campo de controle BR-BrBNA
005 - DATA E HORÁRIO DA ÚLTIMA TRANSAÇÃO
campo de controle 20231205104729.0
007 - CAMPO FIXO DE DESCRIÇÃO FÍSICA--INFORMAÇÃO GERAL
campo de controle de tamanho fixo ta
008 - CAMPO DE DADOS FIXOS--INFORMAÇÃO GERAL
campo de controle de tamanho fixo 230509b bl.|||p| |||| 00| 00por d
040 ## - FONTE DA CATALOGAÇÃO
Instituição da catalogação original BR-BrBNA
Idioma da catalogação por
Instituição que transcreveu o registro Biblioteca Nacional de Agricultura
041 ## - CÓDIGO DE IDIOMA
Código do idioma do texto/trilha sonora ou título diferente (En)
072 ## - CÓDIGO DE CATEGORIA DE ASSUNTO
Código de Categoria de Assunto L72; L73
100 1# - ENTRADA PRINCIPAL--NOME PESSOAL
Nome pessoal Azevedo, J.R. de
100 1# - ENTRADA PRINCIPAL--NOME PESSOAL
Nome pessoal Mannigel, R.C.
100 1# - ENTRADA PRINCIPAL--NOME PESSOAL
Nome pessoal Agulhon, A.Z.
100 1# - ENTRADA PRINCIPAL--NOME PESSOAL
Nome pessoal Borba, T.R.
100 1# - ENTRADA PRINCIPAL--NOME PESSOAL
Nome pessoal Barbiéri, A.W.
100 1# - ENTRADA PRINCIPAL--NOME PESSOAL
Nome pessoal Oliveira, D.C.L. de
100 1# - ENTRADA PRINCIPAL--NOME PESSOAL
Nome pessoal Headley, S.A.
100 1# - ENTRADA PRINCIPAL--NOME PESSOAL
Nome pessoal Janeiro, V.
245 1# - TÍTULO
Título Prevalence and geographical distribution of bovine eurytrematosis in cattle slaughtered in northern Paraná, Brazil
650 ## - ASSUNTO--TERMO TÓPICO
Cabeçalho tópico ou nome geográfico BOVINO
650 ## - ASSUNTO--TERMO TÓPICO
Cabeçalho tópico ou nome geográfico PARASITO DE ANIMAL
650 ## - ASSUNTO--TERMO TÓPICO
Cabeçalho tópico ou nome geográfico PARASITOLOGIA
650 ## - ASSUNTO--TERMO TÓPICO
Cabeçalho tópico ou nome geográfico EPIDEMIOLOGIA
650 ## - ASSUNTO--TERMO TÓPICO
Cabeçalho tópico ou nome geográfico DISTRIBUIÇÃO GEOGRÁFICA
650 ## - ASSUNTO--TERMO TÓPICO
Cabeçalho tópico ou nome geográfico ABATE
650 ## - ASSUNTO--TERMO TÓPICO
Cabeçalho tópico ou nome geográfico PARANÁ
773 0# - ENTRADA ANALÍTICA
Título Pesquisa Veterinária Brasileira (Brazil)
ISSN - International Standard Serial Number ISSN 0100-736X
Partes relacionadas (Jan-Mar 2004), v. 24(1) p. 23-26
Número de controle do registro BR0403662
909 ## -
-- 202311
-- Lúcia
-- 55
-- Lúcia Elande
942 ## - ELEMENTOS DE ENTRADA ADICIONADOS (KOHA)
Fonte da classificação ou esquema de arquivamento na estante Classificação AGRIS
Ocultar no OPAC Não
Tipo de material Koha Analítica
Exemplares
Situação do descarte Fonte da classificação ou esquema de arquivamento na estante Situação física Não pode ser emprestado Biblioteca de origem Biblioteca atual Localização na estante Enumeração do periódico / cronologia Total de empréstimos Data de último acesso Número do exemplar Tipo de material Koha Fonte de aquisição
  Classificação AGRIS   Consulta local Biblioteca Nacional de Agricultura - Binagri Biblioteca Nacional de Agricultura - Binagri   (Jan-Mar 2004), v. 24(1) p. 23-26   29/11/2023 01 Periódicos Portaria Interministerial nº 164/94

BINAGRI

Telefone: (61)3218-2567/2388/3357/2097 - binagri@agro.gov.br

Ministério da Agricultura e Pecuária , Esplanada dos Ministérios, Bloco D, Anexo B, Brasília/DF, CEP: 70.043-900